000 00188 a2200097 4500
020 _a9780310746614
041 _aeng
100 _aCarol Lynch Williams
245 _aNever Said
942 _cBK
999 _c16333
_d16333